Obálka Náhled e-knihy:
PDF
Pro půjčování e-knih musíte být přihlášeni.
Jak si půjčit online?

Ovečka Nina a jiné pohádky /

Krátké a jednoduché pohádkové příběhy vhodné pro první samostatné čtení.

Uloženo v:
Série:Čteme sami, část 0
Hlavní autor: Burešová, Jana (Autor)
Další autoři: Slánská, Zuzana (Autor)
Médium: E-kniha
Jazyk:Czech
Vydáno: V Praze : Fragment, 2020
Vydání:1. vydání
Edice:Čteme sami
Témata:
Příbuzné jednotky:Z cyklu:: Čteme sami
Tagy:
Žádné tagy
LEADER 02187nam a2200481 i 4500
001 311148
003 CZ PrSKC
005 20260601215700.0
007 ta
008 200309s2020 xr a b 000 j cze
015 |a cnb003179893 
020 |a 9788025346358  |q (vázáno) :  |c Kč 199,00 
035 |a (OCoLC)1200245988 
040 |a ABG001  |b cze  |d OLA001  |d ABA001  |e rda 
072 7 |a 821.162.3-3  |x Česká próza  |2 Konspekt 
072 7 |a 821-93  |x Literatura pro děti a mládež (beletrie)  |2 Konspekt 
080 |a 821.162.3-32  |2 MRF 
080 |a 821-93  |2 MRF 
080 |a (0:82-32)  |2 MRF 
100 1 |a Burešová, Jana  |7 xx0223719  |4 aut 
245 1 0 |a Ovečka Nina a jiné pohádky /  |c napsala Jana Burešová ; ilustrovala Zuzana Slánská 
250 |a 1. vydání 
264 1 |a V Praze :  |b Fragment,  |c 2020 
300 |a 54 stran :  |b barevné ilustrace ;  |c 23 cm 
336 |a text  |b txt  |2 rdacontent 
337 |a bez média  |b n  |2 rdamedia 
338 |a svazek  |b nc  |2 rdacarrier 
490 1 |a Čteme sami : stupeň C 
520 2 |a Krátké a jednoduché pohádkové příběhy vhodné pro první samostatné čtení.  |b Knížka s příběhy o zvířátkách, ve kterých se děti například dozví o tom, jak jsou užitečné berušky nebo včely a proč farmář stříhá ovečkám vlnu. Otázky za každým příběhem pomáhají porozumět textu. 
521 8 |a Pro čtenáře od 6 let 
655 7 |a české příběhy  |7 fd133973  |2 czenas 
655 7 |a publikace pro děti  |7 fd133156  |2 czenas 
655 9 |a Czech stories  |2 eczenas 
655 9 |a children's literature  |2 eczenas 
700 1 |a Slánská, Zuzana  |7 ola2018983306  |4 ill 
830 0 |a Čteme sami 
900 |a ABA001  |b 19 
928 9 |a Albatros Media - Fragment 
044 |a xr 
787 0 8 |g 0  |i Z cyklu:  |t Čteme sami 
910 |a RBIT002 
998 |d 204993  |a https://core.palmknihy.cz/api/books/204993/cover?q6yy6v  |b https://core.palmknihy.cz/api/books/204993/cover/400?q6yy6v  |c https://core.palmknihy.cz/api/books/204993/cover/50?q6yy6v  |e 2032-12-31  |g 64  |i 9788025346358  |k https://core.palmknihy.cz/api/books/204993/preview.pdf  |l   |q 49  |r 1  |s https://www.palmknihy.cz/kniha/204993  |t ebook  |y 2020  |z 0  |v Čteme sami  |w 0 
999 |d 311146